Catálogo público

Curso de Interrelación Agricultura-Industria : (Record no. 220359)

MARC details
000 -CABECERA
campo de control de longitud fija 03092nam a22004817a 4500
003 - IDENTIFICADOR DEL NÚMERO DE CONTROL
campo de control Mxchpua
005 - FECHA Y HORA DE LA ÚLTIMA TRANSACCIÓN
campo de control 20250122183443.0
007 - CAMPO FIJO DE DESCRIPCIÓN FÍSICA--INFORMACIÓN GENERAL
campo de control de longitud fija ta
008 - DATOS DE LONGITUD FIJA--INFORMACIÓN GENERAL
campo de control de longitud fija 250122s2024 mx o|||fs|||| 000 0 spa d
040 ## - FUENTE DE LA CATALOGACIÓN
Centro catalogador/agencia de origen mxchpua
090 ## - LOCALMENTE ASIGNADO TIPO-LC NÚMERO DE CLASIFICACIÓN (OCLC); NÚMERO DE CLASIFICACIÓN LOCAL (RLIN)
Número de clasificación (OCLC) (R) ; Numero de clasificación, CALL (RLIN) (NR) T.C.947
Número cutter local (OCLC) ; Número de libro/Signatura topográfica íntegra, CALL (RLIN) IAI S99
Año 2024
245 1# - MENCIÓN DE TÍTULO
Título Curso de Interrelación Agricultura-Industria :
Resto del título reporte de Fase de Campo /
Mención de responsabilidad, etc. coordinadora Rosa Guadalupe Szymanski Duque ; colaboradores Filemón Acosta Baltazar...[y otros]
260 ## - PUBLICACIÓN, DISTRIBUCIÓN, ETC.
Lugar de publicación, distribución, etc. Chapingo, México :
Nombre del editor, distribuidor, etc. El autor,
Fecha de publicación, distribución, etc. 2024
300 ## - DESCRIPCIÓN FÍSICA
Extensión 1 recurso en línea (96 páginas) :
Otras características físicas fotos
336 ## - TIPO DE CONTENIDO
Fuente rdacontent
Término de tipo de contenido Texto
Código de tipo de contenido txt
337 ## - TIPO DE MEDIO
Fuente rdamedia
Nombre/término del tipo de medio computadora
Código del tipo de medio c
338 ## - TIPO DE SOPORTE
Fuente rdacarrier
Nombre/término del tipo de soporte recurso en línea
Código del tipo de soporte cr
500 ## - NOTA GENERAL
Nota general Grado 5° ; Grupo 1
502 ## - NOTA DE TESIS
Nota de tesis Viaje de Estudios
Tipo de título (IAI) --
Nombre de la institución que otorga el título UACh. Departamento de Ingeniería Agroindustrial,
Año de obtención del título 2024
505 0# - NOTA DE CONTENIDO CON FORMATO
Nota de contenido con formato Visitas:
Título 1. CICIMAR-IPN --<br/>2. Valle Hermanos --<br/>3. Santa Maria Sea Food Market --<br/>4. Rancho Caracol --<br/>5. Productora Agrícola Camarillo, S.A de C.V. --<br/>6. Exportadora de Sal ESSA S.A de C. V. --<br/>7. Vinícola Torres Alegre y Familia --<br/>8. L.A. Cetto --<br/>9. Consejo Agrícola de Baja California --<br/>10. Vinícola el Cielo --<br/>11. Grupo Bimbo S.A de C. V --<br/>12. SENASICA --<br/>13. Macal’s Datilera --<br/>14. Producción de Algodón en el Valle de Mexicali --<br/>15. Rancho Nuevo, Mexicali, Baja California --<br/>16. Miel Abeja Reina de Mexicali
650 13 - PUNTO DE ACCESO ADICIONAL DE MATERIA--TÉRMINO DE MATERIA
Término de materia o nombre geográfico como elemento de entrada Industria de productos hortícolas
Subdivisión geográfica México
-- Baja California
9 (RLIN) 156980
650 13 - PUNTO DE ACCESO ADICIONAL DE MATERIA--TÉRMINO DE MATERIA
Término de materia o nombre geográfico como elemento de entrada Industria del vino
Subdivisión geográfica México
-- Baja California
9 (RLIN) 152310
650 13 - PUNTO DE ACCESO ADICIONAL DE MATERIA--TÉRMINO DE MATERIA
Término de materia o nombre geográfico como elemento de entrada Sal de mesa
Subdivisión general Industria y comercio
Subdivisión geográfica México
-- Baja California
9 (RLIN) 189864
650 13 - PUNTO DE ACCESO ADICIONAL DE MATERIA--TÉRMINO DE MATERIA
Término de materia o nombre geográfico como elemento de entrada Industria pesquera
Subdivisión geográfica México
-- Baja California
9 (RLIN) 160456
650 17 - PUNTO DE ACCESO ADICIONAL DE MATERIA--TÉRMINO DE MATERIA
Término de materia o nombre geográfico como elemento de entrada Industria lechera
Subdivisión geográfica México
-- Baja California
9 (RLIN) 57847
650 13 - PUNTO DE ACCESO ADICIONAL DE MATERIA--TÉRMINO DE MATERIA
Término de materia o nombre geográfico como elemento de entrada Industria del ganado y de la carne
Subdivisión geográfica México
-- Baja California Norte
9 (RLIN) 157320
650 13 - PUNTO DE ACCESO ADICIONAL DE MATERIA--TÉRMINO DE MATERIA
Término de materia o nombre geográfico como elemento de entrada Industria panadera
Subdivisión geográfica México
-- Baja California
9 (RLIN) 155368
650 13 - PUNTO DE ACCESO ADICIONAL DE MATERIA--TÉRMINO DE MATERIA
Término de materia o nombre geográfico como elemento de entrada Industria del algodón
Subdivisión general
Subdivisión geográfica México
-- Baja California
9 (RLIN) 147651
650 13 - PUNTO DE ACCESO ADICIONAL DE MATERIA--TÉRMINO DE MATERIA
Término de materia o nombre geográfico como elemento de entrada Miel y productos fabricados por abejas
Subdivisión general Industria y comercio
Subdivisión geográfica México
-- Baja California
9 (RLIN) 162813
650 13 - PUNTO DE ACCESO ADICIONAL DE MATERIA--TÉRMINO DE MATERIA
Término de materia o nombre geográfico como elemento de entrada Horticultural products industry
Subdivisión geográfica Mexico
-- Baja California
9 (RLIN) 151276
650 10 - PUNTO DE ACCESO ADICIONAL DE MATERIA--TÉRMINO DE MATERIA
Término de materia o nombre geográfico como elemento de entrada Wine industry
Subdivisión geográfica Mexico
-- Baja California
9 (RLIN) 152311
650 13 - PUNTO DE ACCESO ADICIONAL DE MATERIA--TÉRMINO DE MATERIA
Término de materia o nombre geográfico como elemento de entrada Table salt
Subdivisión general Industry and trade
Subdivisión geográfica Mexico
-- Baja California
9 (RLIN) 189865
650 13 - PUNTO DE ACCESO ADICIONAL DE MATERIA--TÉRMINO DE MATERIA
Término de materia o nombre geográfico como elemento de entrada Fish industry
Subdivisión geográfica Mexico
-- Baja California
9 (RLIN) 160455
650 13 - PUNTO DE ACCESO ADICIONAL DE MATERIA--TÉRMINO DE MATERIA
Término de materia o nombre geográfico como elemento de entrada Dairy industry
Subdivisión geográfica Mexico
-- Baja California
9 (RLIN) 152363
650 13 - PUNTO DE ACCESO ADICIONAL DE MATERIA--TÉRMINO DE MATERIA
Término de materia o nombre geográfico como elemento de entrada Livestock and meat industry
Subdivisión geográfica Mexico
-- Baja California Norte
9 (RLIN) 157321
650 13 - PUNTO DE ACCESO ADICIONAL DE MATERIA--TÉRMINO DE MATERIA
Término de materia o nombre geográfico como elemento de entrada Bakery industry
Subdivisión geográfica Mexico
-- Baja California
9 (RLIN) 159961
650 13 - PUNTO DE ACCESO ADICIONAL DE MATERIA--TÉRMINO DE MATERIA
Término de materia o nombre geográfico como elemento de entrada Cotton industry
Subdivisión geográfica Mexico
-- Baja California
9 (RLIN) 147649
650 13 - PUNTO DE ACCESO ADICIONAL DE MATERIA--TÉRMINO DE MATERIA
Término de materia o nombre geográfico como elemento de entrada Honey and bee products
Subdivisión general Industry and trade
Subdivisión geográfica Mexico
-- Baja California
9 (RLIN) 162812
700 1# - PUNTO DE ACCESO ADICIONAL--NOMBRE DE PERSONA
Nombre de persona Szymanski Duque, Rosa Guadalupe
9 (RLIN) 151434
Término indicativo de función/relación coordinadora
700 1# - PUNTO DE ACCESO ADICIONAL--NOMBRE DE PERSONA
Nombre de persona Acosta Baltazar, Filemón
9 (RLIN) 189125
Término indicativo de función/relación colaborador
856 40 - LOCALIZACIÓN Y ACCESO ELECTRÓNICOS
Identificador Uniforme del Recurso <a href="http://10.13.5.2/ve/TC947_IAI/TC947_IAI_2024-REPORTE.pdf">http://10.13.5.2/ve/TC947_IAI/TC947_IAI_2024-REPORTE.pdf</a>
Texto de enlace DESCARGAR REPORTE
856 40 - LOCALIZACIÓN Y ACCESO ELECTRÓNICOS
Identificador Uniforme del Recurso <a href="http://10.13.5.2/ve/TC947_IAI/TC947_IAI_2024-PRESENTACION.pdf">http://10.13.5.2/ve/TC947_IAI/TC947_IAI_2024-PRESENTACION.pdf</a>
Texto de enlace DESCARGAR PRESENTACION
Holdings
Estado de retiro Estado de pérdida Fuente del sistema de clasificación o colocación Estado dañado No para préstamo Código de colección Localización permanente Ubicación/localización actual Ubicación en estantería Fecha de adquisición Fuente de adquisición Total de préstamos Signatura topográfica completa Código de barras Fecha visto por última vez Precio válido a partir de Tipo de ítem Koha Restricciones de uso
    Clasificación Universidad Autónoma de Chapingo     Viajes de estudio - En línea Ingenieria Agroindustrial Ingenieria Agroindustrial En línea 22/01/2025 El autor   T.C.947 S99 IAI 2024 1206015165 22/01/2025 22/01/2025 Viajes de Estudio - En línea  
    Clasificación Universidad Autónoma de Chapingo     Viajes de Estudio Ingenieria Agroindustrial Ingenieria Agroindustrial   22/01/2025 El autor   T.C.947 S99 IAI 2024 1106015664 31/07/2025 22/01/2025 Viaje de Estudios Préstamo interno